[Event "401 Stay Safe Play From Home series"]
[Site "Emanuel Lasker Arena"]
[Date "2020.08.21"]
[Round "3"]
[White "Buzaglo"]
[Black "Oscolucano"]
[Result "1-0"]
[WhiteElo "1871"]
[BlackElo "1113"]
[Annotator "NA RC"]
[PlyCount "45"]
[EventDate "2020.08.21"]
[EventType "swiss (blitz)"]

1. d4 {[%emt 0:00:01]} d5 {[%emt 0:00:05]} 2. Nf3 {[%emt 0:00:00]} e5 {[%emt 0:00:01]} 3. g3 {[%emt 0:00:00]} e4 {[%emt 0:00:01]} 4. Nfd2 {[%emt 0:00:01]} Nc6 {[%emt 0:00:01]} 5. e3 {[%emt 0:00:01]} Nf6 {[%emt 0:00:01]} 6. c4 {[%emt 0:00:03]} Bg4 {[%emt 0:00:01]} 7. Be2 {[%emt 0:00:02]} Bh3 {[%emt 0:00:03]} 8. f3 {[%emt 0:00:04]} Bb4 {[%emt 0:00:03]} 9. f4 {[%emt 0:00:02]} Bg2 {[%emt 0:00:04]} 10. Rg1 {[%emt 0:00:01]} Bh3 {[%emt 0:00:01]} 11. Nc3 {[%emt 0:00:02]} Bxc3 {[%emt 0:00:05]} 12. bxc3 {[%emt 0:00:00]} Qe7 {[%emt 0:00:03]} 13. cxd5 {[%emt 0:00:01]} Nxd5 {[%emt 0:00:01]} 14. Nb3 {[%emt 0:00:04]} O-O-O {[%emt 0:00:06]} 15. Qc2 {[%emt 0:00:01]} g5 {[%emt 0:00:04]} 16. c4 {[%emt 0:00:01]} Ndb4 {[%emt 0:00:02]} 17. Qc3 {[%emt 0:00:01]} Nd3+ {[%emt 0:00:01]} 18. Bxd3 {[%emt 0:00:01]} exd3 {[%emt 0:00:01]} 19. Qxd3 {[%emt 0:00:00]} gxf4 {[%emt 0:00:03]} 20. gxf4 {[%emt 0:00:01]} Qh4+ {[%emt 0:00:01]} 21. Kd2 {[%emt 0:00:03]} Rhe8 {[%emt 0:00:08]} 22. Kc3 {[%emt 0:00:01]} a5 {[%emt 0:00:03]} 23. Nc5 {[%emt 0:00:02] Tempo Tempo Tempo (Lag: Av=0.80s, max=4.1s) (Lag: Av=0.80s, max=4.1s) (Lag: Av=0.80s, max=4.1s)} 1-0

[Event "401 Stay Safe Play From Home series"]
[Site "Emanuel Lasker Arena"]
[Date "2020.08.21"]
[Round "3"]
[White "Trotsky"]
[Black "Fat Kevin"]
[Result "0-1"]
[WhiteElo "1594"]
[BlackElo "1998"]
[Annotator "TA"]
[PlyCount "28"]
[EventDate "2020.08.21"]
[EventType "swiss (blitz)"]

{[%evp 9,28,-37,-28,-45,-39,-63,-38,-147,-156,-157,-126,-834,-844,-1446,-817,-901,-895,-1014,-948,-2051,-2085]} 1. d4 c5 2. e3 cxd4 3. exd4 d5 4. c3 Nf6 5. c4 Nc6 {[#]} 6. Be3 $146 {B13: Caro-Kann: Exchange Variation and Panov-Botvinnik Attack.} ({Predecessor:} 6. Nc3 Bf5 7. Qa4 a6 8. Nf3 dxc4 9. Qxc4 Rc8 10. d5 Ne5 11. Qa4+ Bd7 12. Qd1 Nxf3+ 13. Qxf3 {½-½ (47) Pfann,E (1427)-Schulz,H (1716) Schney 2016}) 6... Bg4 7. f3 Be6 8. a3 ({Better is} 8. c5 $15) 8... dxc4 $17 9. Nc3 Nd5 10. Qc2 $2 {[%mdl 8192] [#]} (10. Nxd5 $17 Bxd5 11. Qa4) 10... Nxe3 $19 {Black is clearly winning.} 11. Qb1 Nxf1 12. Kxf1 Nxd4 {[%cal Bc6d4,Bd4b3,Bb3d2][%mdl 32]} 13. h4 Nb3 {[#] Hoping for ...Nd2+.} 14. Ra2 Nd2+ {[%mdl 64] Double Attack. White did not feel at home in the position after the opening.} 0-1

[Event "401 Stay Safe Play From Home series"]
[Site "Emanuel Lasker Arena"]
[Date "2020.08.21"]
[Round "3"]
[White "Ao017545"]
[Black "Padmaesh M K"]
[Result "1-0"]
[WhiteElo "1586"]
[BlackElo "1841"]
[Annotator "NA RC"]
[PlyCount "55"]
[EventDate "2020.08.21"]
[EventType "swiss (blitz)"]

1. e4 {[%emt 0:00:03]} e5 {[%emt 0:00:50]} 2. Nf3 {[%emt 0:00:00]} Nc6 {[%emt 0:00:00]} 3. Bc4 {[%emt 0:00:04]} d6 {[%emt 0:00:00]} 4. d4 {[%emt 0:00:02]} Bg4 {[%emt 0:00:00]} 5. dxe5 {[%emt 0:00:00]} Bxf3 {[%emt 0:00:00]} 6. Qxf3 {[%emt 0:00:02]} Nxe5 {[%emt 0:00:00]} 7. Qxf7+ {[%emt 0:00:00]} Nxf7 {[%emt 0:00:01]} 8. Bxf7+ {[%emt 0:00:00]} Kxf7 {[%emt 0:00:00]} 9. O-O {[%emt 0:00:01]} Nf6 {[%emt 0:00:00]} 10. Nc3 {[%emt 0:00:00]} Qe7 {[%emt 0:00:00]} 11. Ne2 {[%emt 0:00:00]} Qe5 {[%emt 0:00:00]} 12. Ng3 {[%emt 0:00:00]} Qh5 {[%emt 0:00:00]} 13. Nf5 {[%emt 0:00:00]} Ng4 {[%emt 0:00:02]} 14. Bf4 {[%emt 0:00:01]} Qxh2+ {[%emt 0:00:00]} 15. Bxh2 {[%emt 0:00:01]} Nxh2 {[%emt 0:00:00]} 16. Kxh2 {[%emt 0:00:00]} g6 {[%emt 0:00:01]} 17. Ng3 {[%emt 0:00:01]} Bg7 {[%emt 0:00:00]} 18. f4 {[%emt 0:00:01]} Bxb2 {[%emt 0:00:00]} 19. f5 {[%emt 0:00:00]} Bg7 {[%emt 0:00:00]} 20. fxg6+ {[%emt 0:00:00]} Kxg6 {[%emt 0:00:00]} 21. Rab1 {[%emt 0:00:03]} Rhe8 {[%emt 0:00:00]} 22. Rxb7 {[%emt 0:00:01]} Be5 {[%emt 0:00:00]} 23. Rxc7 {[%emt 0:00:01]} Rg8 {[%emt 0:00:01]} 24. Rcf7 {[%emt 0:00:00]} Kh6 {[%emt 0:00:00]} 25. R1f3 {[%emt 0:00:05]} Rxg3 {[%emt 0:00:00]} 26. R7f6+ {[%emt 0:00:01]} Bxf6 {[%emt 0:00:02]} 27. Rxf6+ {[%emt 0:00:00]} Kg7 {[%emt 0:00:00]} 28. Rf7+ {[%emt 0:00:01] Time Time Time} 1-0

[Event "401 Stay Safe Play From Home series"]
[Site "Emanuel Lasker Arena"]
[Date "2020.08.21"]
[Round "3"]
[White "Klasman"]
[Black "Dreamsoldier"]
[Result "0-1"]
[WhiteElo "1393"]
[BlackElo "1244"]
[Annotator "NA RC"]
[PlyCount "56"]
[EventDate "2020.08.21"]
[EventType "swiss (blitz)"]

1. f4 {[%emt 0:00:01]} Nf6 {[%emt 0:00:00]} 2. d4 {[%emt 0:00:02]} d5 {[%emt 0:00:00]} 3. Nf3 {[%emt 0:00:01]} Nc6 {[%emt 0:00:00]} 4. e3 {[%emt 0:00:01]} Bg4 {[%emt 0:00:00]} 5. c4 {[%emt 0:00:02]} Bxf3 {[%emt 0:00:00]} 6. Qxf3 {[%emt 0:00:02]} e6 {[%emt 0:00:00]} 7. Nc3 {[%emt 0:00:02]} Bb4 {[%emt 0:00:00]} 8. cxd5 {[%emt 0:00:03]} Bxc3+ {[%emt 0:00:00]} 9. bxc3 {[%emt 0:00:01]} Nxd5 {[%emt 0:00:00]} 10. c4 {[%emt 0:00:03]} Nb6 {[%emt 0:00:00]} 11. Bd3 {[%emt 0:00:04]} O-O {[%emt 0:00:00]} 12. Ba3 {[%emt 0:00:01]} Re8 {[%emt 0:00:02]} 13. O-O {[%emt 0:00:02]} f6 {[%emt 0:00:01]} 14. f5 {[%emt 0:00:02]} e5 {[%emt 0:00:01]} 15. d5 {[%emt 0:00:01]} Ne7 {[%emt 0:00:02]} 16. g4 {[%emt 0:00:02]} Nd7 {[%emt 0:00:02]} 17. Be4 {[%emt 0:00:02]} c6 {[%emt 0:00:01]} 18. h4 {[%emt 0:00:02]} cxd5 {[%emt 0:00:01]} 19. cxd5 {[%emt 0:00:02]} Nb6 {[%emt 0:00:00]} 20. Bxe7 {[%emt 0:00:02]} Rxe7 {[%emt 0:00:00]} 21. g5 {[%emt 0:00:01]} Rd7 {[%emt 0:00:02]} 22. Rf2 {[%emt 0:00:03]} Nxd5 {[%emt 0:00:02]} 23. Rg2 {[%emt 0:00:02]} Nc3 {[%emt 0:00:03]} 24. Bc2 {[%emt 0:00:07]} e4 {[%emt 0:00:02]} 25. Bxe4 {[%emt 0:00:03]} Nxe4 {[%emt 0:00:01]} 26. Qxe4 {[%emt 0:00:01]} fxg5 {[%emt 0:00:00]} 27. Rxg5 {[%emt 0:00:03]} Qb6 {[%emt 0:00:02]} 28. Qe6+ {[%emt 0:00:02]} Kf8 {[%emt 0:00:02] Time Time Time (Lag: Av=0.51s, max=0.9s) (Lag: Av=0.51s, max=0.9s) (Lag: Av=0.51s, max=0.9s)} 0-1

[Event "401 Stay Safe Play From Home series"]
[Site "Emanuel Lasker Arena"]
[Date "2020.08.21"]
[Round "4"]
[White "Mepe_Nika"]
[Black "Lamborghini"]
[Result "0-1"]
[WhiteElo "2337"]
[BlackElo "2255"]
[Annotator "TA"]
[PlyCount "138"]
[EventDate "2020.08.21"]
[EventType "swiss (blitz)"]

{[%evp 9,138,-27,-27,-25,-16,-31,-14,-44,-10,0,17,11,24,18,8,-11,16,7,15,18,11,0,4,-172,-107,-377,-7,-68,20,14,12,13,13,5,14,5,15,0,0,0,0,-26,-16,-44,-43,-33,-36,-48,-33,-42,-35,-132,-31,-130,-132,-278,-290,-324,-314,-1009,-1008,-1000,-1006,-906,-903,-1004,-891,-992,-903,-876,-816,-5206,-5181,-2437,-1510,-29973,-1658,-29974,-29975,-29974,-29975,-29970,-29961,-29980,-29978,-29980,-29981,-29980,-29981,-29980,-29981,-29981,-29982,-29984,-29983,-29983,-29984,-29984,-29985,-29985,-29986,-29986,-29982,-29982,-29983,-29983,-29984,-29984,-29985,-29985,-29986,-29990,-29986,-29986,-29987,-29990,-29991,-29991,-29992,-29992,-29993,-29993,-29994,-29994,-29993,-29993,-29994,-29994,-29994,-29994,-29995]} 1. a3 e5 2. c3 d5 3. d4 Nc6 4. dxe5 Nxe5 5. Nf3 Nxf3+ 6. exf3 {[#] A00: Irregular Openings.} Bc5 $146 ({Predecessor:} 6... c6 7. Bd3 Bd6 8. O-O Qc7 9. g3 Ne7 10. Re1 h5 11. c4 h4 12. f4 hxg3 13. hxg3 {½-½ (41) Zherebukh,Y (2633)-Sevian,S (2613) Saint Louis 2018}) 7. b4 Bb6 8. Nd2 {The position is equal.} Qe7+ 9. Be2 Nf6 (9... Qg5 {looks sharper.} 10. g3 Qf6 11. a4 a5 12. Nb3 Bh3) 10. O-O O-O 11. Re1 Re8 $36 {[%mdl 2048] Black fights for an advantage.} 12. Bb2 Bf5 13. c4 dxc4 14. Nxc4 Rad8 15. Qb3 Be6 {Threatens to win with ...Bxc4.} 16. Qc2 $2 (16. g3 $11) 16... Bxc4 $1 $19 17. Qxc4 $4 {[%mdl 8192]} (17. Bxf6 $17 {only move.} gxf6 18. Qxc4) 17... Qe6 $2 (17... Rd2 $19 18. Bxf6 Qxf6) 18. Qc3 ({White should play} 18. Qxe6 $11 Rxe6 19. Bc3) 18... Qf5 (18... Qxe2 $1 $15 19. Rxe2 Rxe2) 19. Bf1 Rxe1 20. Rxe1 Bd4 21. Qd2 Qd5 22. Bxd4 Qxd4 23. Qxd4 (23. Qc1 {keeps more tension.} c6 24. Re7 Rd7 25. Rxd7 Qxd7 26. g3) 23... Rxd4 $11 {[%mdl 4096] Endgame KRB-KRN} 24. Re7 Rd7 25. Re3 Kf8 26. g4 Rd1 27. Kg2 Nd5 28. Re4 c6 {White must now prevent ...b5.} 29. Bc4 Nb6 30. Be2 {[#] Black converts the advantage convincingly.} ({Better is} 30. Rf4 $15) 30... Rd2 (30... Ra1 $1 $17 31. b5 Rxa3) 31. Kf1 (31. Bc4 $1 $15) 31... Ra2 $17 32. Re3 (32. b5 $17 {keeps fighting.}) 32... Nd5 $19 33. Rd3 Nf4 34. Re3 $2 (34. Rd8+ Ke7 35. Rd4) 34... Ra1+ ({Less strong is} 34... Nxe2 35. Rxe2 Rxa3 36. Re3 $17) 35. Bd1 Rxd1+ 36. Re1 Rxe1+ 37. Kxe1 {KN-KP} Ke7 38. Kd2 g5 39. Ke3 Kd6 40. h4 h6 41. Ke4 Ke6 42. hxg5 hxg5 43. a4 f6 {Black mates.} 44. Kd4 b6 45. Ke4 Nd5 46. b5 cxb5 47. axb5 Nc3+ 48. Kd4 Nxb5+ {KN-K3P} 49. Kc4 Nd6+ 50. Kd4 Nf7 51. f4 Ne5 52. fxe5 fxe5+ {KP-KP} 53. Ke4 b5 54. Kd3 b4 55. Kc4 {[#]} b3 $1 56. Kxb3 {K3P-KPP} e4 57. Kc4 Ke5 58. Kc3 Kf4 59. Kd4 a5 60. f3 a4 61. fxe4 {KPP-KPP} a3 62. e5 a2 63. Kd5 a1=Q 64. e6 Qe5+ 65. Kc6 Qxe6+ {[%mdl 64] Double Attack} 66. Kb5 Qxg4 67. Kc4 Qe2+ 68. Kc5 g4 69. Kb6 g3 {Accuracy: White = 52%, Black = 78%.} 0-1

[Event "401 Stay Safe Play From Home series"]
[Site "Emanuel Lasker Arena"]
[Date "2020.08.21"]
[Round "4"]
[White "Hickey"]
[Black "IceQueen"]
[Result "0-1"]
[WhiteElo "2224"]
[BlackElo "2429"]
[Annotator "TA"]
[PlyCount "96"]
[EventDate "2020.08.21"]
[EventType "swiss (blitz)"]

{[%evp 9,96,0,27,14,25,-7,31,30,31,0,6,0,27,-16,-17,-132,-133,-135,-122,-126,-126,-124,-92,-106,-90,-101,-83,-114,-81,-153,-87,-93,-19,-133,-128,-781,-69,-68,-64,-83,-90,-162,-165,-204,-118,-160,-143,-197,-202,-278,-269,-269,-268,-252,-264,-302,-297,-341,-337,-360,-360,-360,-360,-487,-360,-469,-360,-860,-858,-768,-695,-1216,-1167,-1031,-1009,-1300,-936,-1279,-750,-1232,-1110,-5479,-520,-458,0,-29988,-29989,-29997,-5314]} 1. b3 c5 2. Bb2 d6 3. g3 Nc6 4. Bg2 e5 5. c4 Nf6 6. Nc3 {A01: Nimzowitsch-Larsen Opening.} Be7 7. e3 O-O 8. Nge2 {White is slightly better.} Bf5 9. O-O {[#]} Bd3 $146 ({Predecessor:} 9... e4 10. Qb1 Bg4 11. Bxe4 Nxe4 12. Qxe4 Bh3 13. Rfe1 Bf6 14. a3 Qb6 {½-½ (14) Sperling,C-Brandt,A Germany 1988}) 10. Re1 Nb4 11. Rc1 (11. Nc1 $5 {[%cal Ra2a3]} Bc2 12. Qe2 $11) 11... Bg6 $36 {[%mdl 2048] White should prevent ...Nd3. Black has good play.} 12. a3 (12. Rf1 $11 {remains equal.}) 12... Nd3 $1 $17 {[%csl LRb2,LRc1,LRe1][%mdl 64] Double Attack} 13. Ba1 Nxe1 14. Qxe1 Qd7 15. d4 exd4 16. exd4 Rfe8 {White must now prevent ...cxd4.} 17. Qd2 Bf8 18. Rd1 Rad8 19. a4 ({Better is} 19. Nf4) 19... b6 (19... Bh5 $142 {Strongly threatening ...d5!} 20. d5 h6) 20. Nf4 Be4 (20... Ne4 $17 21. Bxe4 Bxe4 22. Nxe4 Rxe4) 21. Ncd5 (21. Nxe4 $11 Nxe4 22. Qc2) 21... Nxd5 $1 22. Bh1 $2 {[%mdl 8192]} (22. Bxe4 $17 Rxe4 23. Nxd5) 22... Bg2 $2 (22... Nxf4 $19 23. Qxf4 Bc2) 23. Bxg2 Nxf4 24. Qxf4 Qe6 25. d5 (25. Bd5 $17 {was necessary.} Qg6 26. Qf3) 25... Qg6 $19 26. Qd2 Re7 ({Black should play} 26... Be7 $19 27. Qf4 Bf6 28. Bxf6 Qxf6 29. Qxf6 gxf6) 27. Bf1 Rde8 28. Bd3 (28. Bc3 $17) 28... Qh5 {Threatens to win with ...Qxd1+!} 29. Bc3 g6 30. Kg2 Bg7 31. Bxg7 Kxg7 32. a5 Qe5 33. axb6 axb6 {[%cal Ba7b6,Bb6c5][%mdl 32]} 34. b4 h5 35. bxc5 bxc5 36. h4 Qd4 37. Qc2 {Now Bxg6 and White clings on.} Re1 38. Rxe1 $2 (38. Rd2 Qf6 39. Qb2) 38... Rxe1 {[%mdl 4096] Endgame KQR-KQB} 39. Be2 Qa1 40. Bf3 Rg1+ 41. Kh2 Rc1 42. Qd2 {[#]} Qc3 $1 43. Qf4 Rf1 44. Kg2 Qe1 45. Be4 {[#]} Rg1+ (45... Rxf2+ $142 $1 {[%mdl 512]} 46. Qxf2 Qxe4+ {[%mdl 64] Double Attack} 47. Qf3 Qxc4) 46. Kh2 {If White can now play Bg2 this consolidates a bit.} Rf1 $2 (46... Qa1 $19 47. Qxd6 Re1) 47. Bg2 $2 {[%mdl 8192]} (47. Kg2 $11 Rxf2+ {[%mdl 64] Deflection} 48. Qxf2 Qxe4+ {[%mdl 64] Double Attack} 49. Qf3 Qxc4 50. Qd1) 47... Rxf2 48. Qg5 {[#]} Rxg2+ {Accuracy: White = 24%, Black = 60%.} (48... Qf1 $142 $1 49. Qh6+ Kxh6 50. Kh3 Qxg2#) 0-1

[Event "401 Stay Safe Play From Home series"]
[Site "Emanuel Lasker Arena"]
[Date "2020.08.21"]
[Round "4"]
[White "MihailoVujic"]
[Black "AChessPlayer"]
[Result "1-0"]
[WhiteElo "2217"]
[BlackElo "2457"]
[Annotator "RC"]
[PlyCount "123"]
[EventDate "2020.08.21"]
[EventType "swiss (blitz)"]

1. e4 {[%emt 0:00:01]} c5 {[%emt 0:00:01]} 2. c3 {[%emt 0:00:01]} d6 {[%emt 0:00:01]} 3. d4 {[%emt 0:00:01]} cxd4 {[%emt 0:00:00]} 4. cxd4 {[%emt 0:00:00]} g6 {[%emt 0:00:00]} 5. Nc3 {[%emt 0:00:00]} Bg7 {[%emt 0:00:00] MihailoVujic offers a draw} 6. Nf3 {[%emt 0:00:01]} Nf6 {[%emt 0:00:02]} 7. Bd3 {[%emt 0:00:01]} O-O {[%emt 0:00:00]} 8. Bg5 {[%emt 0:00:01]} Nc6 {[%emt 0:00:00]} 9. Qd2 {[%emt 0:00:01]} Bg4 {[%emt 0:00:02]} 10. d5 {[%emt 0:00:02]} Bxf3 {[%emt 0:00:02]} 11. gxf3 {[%emt 0:00:01]} Ne5 {[%emt 0:00:01]} 12. Be2 {[%emt 0:00:01]} Rc8 {[%emt 0:00:00]} 13. Bh6 {[%emt 0:00:01]} Bxh6 {[%emt 0:00:02]} 14. Qxh6 {[%emt 0:00:01]} Qa5 {[%emt 0:00:02]} 15. Kf1 {[%emt 0:00:03]} Rxc3 {[%emt 0:00:02]} 16. bxc3 {[%emt 0:00:01]} Qxc3 {[%emt 0:00:00]} 17. Rc1 {[%emt 0:00:02]} Qa3 {[%emt 0:00:01]} 18. h4 {[%emt 0:00:02]} Nh5 {[%emt 0:00:03]} 19. Rc7 {[%emt 0:00:07]} Nxf3 {[%emt 0:00:01]} 20. Rh3 {[%emt 0:00:04]} Nd2+ {[%emt 0:00:05]} 21. Kg2 {[%emt 0:00:00]} Qa5 {[%emt 0:00:00]} 22. Bxh5 {[%emt 0:00:03]} Qxc7 {[%emt 0:00:02]} 23. Qxd2 {[%emt 0:00:01]} Qd7 {[%emt 0:00:06]} 24. Rg3 {[%emt 0:00:02]} b5 {[%emt 0:00:01]} 25. Bg4 {[%emt 0:00:01]} Qb7 {[%emt 0:00:03]} 26. h5 {[%emt 0:00:01]} Qb6 {[%emt 0:00:00]} 27. hxg6 {[%emt 0:00:01]} fxg6 {[%emt 0:00:01]} 28. Be6+ {[%emt 0:00:01]} Kg7 {[%emt 0:00:00]} 29. Qc3+ {[%emt 0:00:01]} Rf6 {[%emt 0:00:01]} 30. Rf3 {[%emt 0:00:00]} b4 {[%emt 0:00:01]} 31. Qc8 {[%emt 0:00:02]} Rxf3 {[%emt 0:00:03]} 32. Qg8+ {[%emt 0:00:01]} Kh6 {[%emt 0:00:01]} 33. Kxf3 {[%emt 0:00:00]} Qd4 {[%emt 0:00:01]} 34. Qf8+ {[%emt 0:00:01]} Qg7 {[%emt 0:00:05]} 35. Qf4+ {[%emt 0:00:01]} g5 {[%emt 0:00:00]} 36. Qh2+ {[%emt 0:00:01]} Kg6 {[%emt 0:00:00]} 37. Bf5+ {[%emt 0:00:01]} Kf7 {[%emt 0:00:00]} 38. Qh5+ {[%emt 0:00:00]} Kf8 {[%emt 0:00:02]} 39. Qg4 {[%emt 0:00:01]} Qc3+ {[%emt 0:00:00]} 40. Kg2 {[%emt 0:00:00]} Kg7 {[%emt 0:00:00]} 41. Be6 {[%emt 0:00:00]} Kh8 {[%emt 0:00:00]} 42. Qxg5 {[%emt 0:00:01]} Qf6 {[%emt 0:00:00]} 43. Qxf6+ {[%emt 0:00:01]} exf6 {[%emt 0:00:00]} 44. f4 {[%emt 0:00:00]} Kg7 {[%emt 0:00:00]} 45. Kf3 {[%emt 0:00:01]} Kf8 {[%emt 0:00:00]} 46. Ke3 {[%emt 0:00:00]} Ke7 {[%emt 0:00:00]} 47. Kd4 {[%emt 0:00:00]} h5 {[%emt 0:00:00]} 48. Kc4 {[%emt 0:00:00]} a5 {[%emt 0:00:00]} 49. Kb5 {[%emt 0:00:01]} h4 {[%emt 0:00:00]} 50. Kxa5 {[%emt 0:00:00]} f5 {[%emt 0:00:00]} 51. Bxf5 {[%emt 0:00:01]} b3 {[%emt 0:00:00]} 52. axb3 {[%emt 0:00:01]} Kf6 {[%emt 0:00:00]} 53. b4 {[%emt 0:00:00]} Ke7 {[%emt 0:00:00]} 54. Bh3 {[%emt 0:00:00]} Kd8 {[%emt 0:00:00]} 55. b5 {[%emt 0:00:00]} Kc7 {[%emt 0:00:00]} 56. b6+ {[%emt 0:00:00]} Kb8 {[%emt 0:00:00]} 57. e5 {[%emt 0:00:00]} Ka8 {[%emt 0:00:00]} 58. e6 {[%emt 0:00:00]} Kb7 {[%emt 0:00:00]} 59. e7 {[%emt 0:00:00]} Kb8 {[%emt 0:00:00]} 60. e8=Q+ {[%emt 0:00:00]} Kb7 {[%emt 0:00:00]} 61. Qd7+ {[%emt 0:00:00]} Kb8 {[%emt 0:00:00]} 62. Qc8# {[%emt 0:00:00] (Lag: Av=0.85s, max=1.7s) (Lag: Av=0.85s, max=1.7s) (Lag: Av=0.85s, max=1.7s)} 1-0

[Event "401 Stay Safe Play From Home series"]
[Site "Emanuel Lasker Arena"]
[Date "2020.08.21"]
[Round "4"]
[White "Lazieri3"]
[Black "NTBT_DHS"]
[Result "0-1"]
[WhiteElo "1975"]
[BlackElo "2518"]
[Annotator "TA"]
[PlyCount "66"]
[EventDate "2020.08.21"]
[EventType "swiss (blitz)"]

{[%evp 10,66,41,28,62,22,85,73,146,142,306,289,295,295,464,237,241,0,0,0,0,-18,-15,-11,-10,-25,-24,-153,-53,-71,-56,-100,-85,-93,-104,-127,-116,-664,-658,-681,-170,-760,-759,-746,-748,-742,-742,-729,-718,-819,-802,-948,-942,-929,-921,-1332,-1221,-1126,-1119]} 1. e4 g6 2. Nc3 Bg7 3. Nf3 d6 4. d4 Nf6 5. Be3 O-O 6. Qd2 Re8 {B08: Pirc Defence: Classical System.} 7. Bh6 Bh8 (7... e5 $11 8. Bxg7 Kxg7) 8. h4 $16 {[#]} d5 $146 (8... e5 $142) ({Predecessor:} 8... Bg4 9. O-O-O Nc6 10. d5 Ne5 11. Be2 Nxf3 12. Bxf3 Bxf3 13. gxf3 Nh5 14. Rdg1 f6 {1-0 (24) Santos,M (1962)-Alves,F (1724) Lisbon 2015}) 9. e5 Ne4 $2 (9... Ng4 $16) 10. Nxe4 $18 dxe4 11. Ng5 c5 {[#]} (11... Bf5 $142 12. Rg1 Qd5) 12. O-O-O (12. Qf4 $142 $1 {[%csl Gg5][%cal Rf4f7][%mdl 512]} Be6 13. Nxe6 fxe6 14. Bc4 $1 {[%mdl 512]} (14. Qxe4 Qxd4 15. Qxd4 cxd4 $16) (14. dxc5 Qd5 $16)) 12... cxd4 {[#]} 13. Qxd4 $2 ({And not} 13. Qf4 Qd5 $11) (13. Bc4 $1 $18 {[%csl Gg5][%cal Rc4f7][%mdl 512]} e6 14. Nxe4 (14. Qf4 Qc7 $16)) 13... Qxd4 $11 14. Rxd4 Nc6 $36 {[%mdl 2048] Black has good play.} 15. Rxe4 Bf5 16. Re1 Bxe5 17. Nf3 Bf6 18. Bc4 (18. c3 $11 {remains equal.}) 18... Rac8 ({Black should play} 18... Rec8 $17 {Strongly threatening ...Nb4.} 19. c3 {[#]} Nb4 $1 {[%mdl 512]}) 19. Bb3 $15 b5 20. Bg5 Bg7 21. h5 a5 22. hxg6 hxg6 {aiming for ...a4.} 23. Bd5 $2 {[%mdl 8192]} (23. Rh4 $17) 23... Nb4 $1 $19 {[%csl LRc2,LRd5][%mdl 64] Double Attack} 24. Be4 Nxc2 $2 (24... Bxe4 25. Rxe4 Rxc2+ {[%mdl 64] Double Attack} 26. Kd1 Rxb2) 25. Re2 $2 (25. Bxf5 gxf5 26. Rxe7 Nb4+ 27. Kb1) 25... Nd4+ {Black is clearly winning.} 26. Kd2 Nxe2 {[%mdl 64] Discovered Attack} 27. Bxf5 gxf5 28. Kxe2 Rc2+ 29. Ke3 e5 30. Bh6 Rxb2 31. Bxg7 Kxg7 32. Ng5 f6 33. Nf3 Rc8 {Accuracy: White = 43%, Black = 46%.} 0-1

[Event "401 Stay Safe Play From Home series"]
[Site "Emanuel Lasker Arena"]
[Date "2020.08.21"]
[Round "4"]
[White "Buzaglo"]
[Black "Schachwerk_64"]
[Result "0-1"]
[WhiteElo "1872"]
[BlackElo "1934"]
[Annotator "NA RC"]
[PlyCount "92"]
[EventDate "2020.08.21"]
[EventType "swiss (blitz)"]

1. d4 {[%emt 0:00:01]} Nc6 {[%emt 0:00:00]} 2. Nf3 {[%emt 0:00:00]} d5 {[%emt 0:00:01]} 3. g3 {[%emt 0:00:00]} Bg4 {[%emt 0:00:01]} 4. Bg2 {[%emt 0:00:00]} Bxf3 {[%emt 0:00:02]} 5. Bxf3 {[%emt 0:00:00]} Nf6 {[%emt 0:00:01]} 6. O-O {[%emt 0:00:00]} e5 {[%emt 0:00:00]} 7. dxe5 {[%emt 0:00:01]} Nxe5 {[%emt 0:00:01]} 8. Bg2 {[%emt 0:00:00]} c6 {[%emt 0:00:01]} 9. c4 {[%emt 0:00:01]} Nxc4 {[%emt 0:00:01]} 10. Nc3 {[%emt 0:00:01]} Bb4 {[%emt 0:00:01]} 11. Bf4 {[%emt 0:00:02]} O-O {[%emt 0:00:02]} 12. a3 {[%emt 0:00:01]} Bd6 {[%emt 0:00:01]} 13. Bxd6 {[%emt 0:00:02]} Qxd6 {[%emt 0:00:00]} 14. Rc1 {[%emt 0:00:00]} Nxb2 {[%emt 0:00:01]} 15. Qc2 {[%emt 0:00:02]} Nc4 {[%emt 0:00:01]} 16. Qb3 {[%emt 0:00:02]} b5 {[%emt 0:00:02]} 17. Rfd1 {[%emt 0:00:02]} a5 {[%emt 0:00:01]} 18. e3 {[%emt 0:00:02]} Qxa3 {[%emt 0:00:01]} 19. Qxa3 {[%emt 0:00:02]} Nxa3 {[%emt 0:00:00]} 20. Ne2 {[%emt 0:00:01]} Nc4 {[%emt 0:00:01]} 21. Nf4 {[%emt 0:00:01]} a4 {[%emt 0:00:01]} 22. Nd3 {[%emt 0:00:00]} a3 {[%emt 0:00:01]} 23. Nb4 {[%emt 0:00:01]} a2 {[%emt 0:00:01]} 24. Nxc6 {[%emt 0:00:02]} Ra4 {[%emt 0:00:03]} 25. Bxd5 {[%emt 0:00:01]} Rfa8 {[%emt 0:00:04]} 26. Bxc4 {[%emt 0:00:01]} a1=Q {[%emt 0:00:01]} 27. Rxa1 {[%emt 0:00:01]} Rxa1 {[%emt 0:00:01]} 28. Be2 {[%emt 0:00:03]} Rxd1+ {[%emt 0:00:04]} 29. Bxd1 {[%emt 0:00:00]} Ra1 {[%emt 0:00:01]} 30. Ne7+ {[%emt 0:00:02]} Kf8 {[%emt 0:00:02]} 31. Kg2 {[%emt 0:00:00]} Rxd1 {[%emt 0:00:00]} 32. Nd5 {[%emt 0:00:01]} Nxd5 {[%emt 0:00:01]} 33. e4 {[%emt 0:00:01]} Nc3 {[%emt 0:00:01]} 34. e5 {[%emt 0:00:00]} b4 {[%emt 0:00:01]} 35. Kf3 {[%emt 0:00:00]} b3 {[%emt 0:00:01]} 36. e6 {[%emt 0:00:00]} fxe6 {[%emt 0:00:02]} 37. h4 {[%emt 0:00:00]} b2 {[%emt 0:00:01]} 38. Kg4 {[%emt 0:00:00]} b1=Q {[%emt 0:00:01]} 39. f4 {[%emt 0:00:00]} Qf5+ {[%emt 0:00:01]} 40. Kf3 {[%emt 0:00:01]} Rf1+ {[%emt 0:00:02]} 41. Ke3 {[%emt 0:00:01]} Qe4+ {[%emt 0:00:02]} 42. Kd2 {[%emt 0:00:01]} Rf3 {[%emt 0:00:01]} 43. g4 {[%emt 0:00:01]} Qd3+ {[%emt 0:00:01]} 44. Kc1 {[%emt 0:00:01]} Rf1+ {[%emt 0:00:02]} 45. Kb2 {[%emt 0:00:00]} Rb1+ {[%emt 0:00:00]} 46. Ka3 {[%emt 0:00:01]} Qa6# {[%emt 0:00:01] (Lag: Av=0.64s, max=1.7s) (Lag: Av=0.64s, max=1.7s) (Lag: Av=0.64s, max=1.7s)} 0-1